Дело о рассмотрении представленного попечителем Петербургского учебного округа Н.Н. Новосильцевым письма коллежского советника ф...

Доступно только в Электронных читальных залах Найти на картеНа карте
RUSMARC
00004351nmc2a2200000 x 450
00170282611-57b4-4dec-af36-58a5ad7dc3e2
00520171114165714.0
100##$a20151207l18031803k l0rusy0189 ca
1010#$arus
102##$aRU
2001#$aДело о рассмотрении представленного попечителем Петербургского учебного округа Н.Н. Новосильцевым письма коллежского советника фон Рота о составлении для гимназий курса правоведения
$j21 марта 1803 г.
251##$cДело
300##$aДело
300##$aОриг. заголовок дела: Дело по представлению господина попечителя Санкт-Петербургского учебного округа с приложением письма коллежского советника фон Рота о составлении для гимназии курса правоведения. 21 марта 1803 г
801#0$aRU
$bРГИА
$c20151207
$gRCR
801#1$aRU
$bГлавНИВЦ
$c20151207
$2rusmarc
801#2$aRU
$bПБ им. Б.Н. Ельцина
$c20171114
$gRCR
$2rusmarc
850##$aРГИА
852##$aРГИА
$eФедеральное казенное учреждение "Российский государственный исторический архив" (РГИА)
$j18
937##$hРГИА
$d12096406
$aASBIBLIO_SCAN
462#0$1001a72b6b5a-b506-4d67-873a-f622b4f5e56d
$12001
$aДела Департамента народного просвещения по цензурной части
$1251
$cОпись
$1852
$j118
461#0$1001a74412a3-3cc5-4d21-8f0a-dfe2fbd9e72d
$12001
$aДепартамент народного просвещения Министерства народного просвещения (1803-1917)
$1251
$cФонд
$1852
$j733
215##$a3 л.
$d36,5х26 см
371##$aДокумент не является опубликованным и широко распространяемым
105##$ay###
1220#$ad
5171#$aДело по представлению господина попечителя Санкт-Петербургского учебного округа с приложением письма коллежского советника фон Рота о составлении для гимназии курса правоведения. 21 марта 1803 г
035##$a70282611-57b4-4dec-af36-58a5ad7dc3e2
856##$uhttp://readingroom.main.prlib.ru/item.aspx?id_node=n108991857&mode=full
Формат отображения